Ilmu tajwid
| Main Author: | |
|---|---|
| Format: | Book |
| Language: | Malay |
| Published: |
Johor :
Badan Bookstore
1995
|
| Subjects: |
MARC
| LEADER | 00000cam a2200000 7i4500 | ||
|---|---|---|---|
| 001 | 0000010707 | ||
| 005 | 20221222.0 | ||
| 008 | 030530 my may | ||
| 020 | |a 9839726765 | ||
| 040 | |a INS |b eng |c INS |e rda | ||
| 090 | 0 | 0 | |a BP131.6 |b I96 1995 |
| 100 | 0 | |a Ismail Tekan , |e author | |
| 245 | 1 | 0 | |a Ilmu tajwid |c Ustaz Ismail Tekan |
| 264 | 1 | |a Johor : |b Badan Bookstore |c 1995 | |
| 300 | |a iv, 170 pages ; |c 20 cm. | ||
| 336 | |a text |2 rdacontent | ||
| 337 | |a unmediated |2 rdamedia | ||
| 338 | |a volume |2 rdacarrier | ||
| 650 | 0 | |a Koran |x Recitation | |
| 999 | |a 0000009879 |b BOOK |c Open Shelf |e Default branch | ||